Statistics for Sailor Moon Quiz #2

Click here to take the quiz!

General Stats

  • This quiz has been taken 30 times
  • The average score is 8 of 13

Answer Stats

HintAnswer% Correct
Who goes on a date with Mamoru before Usagi?Rei Hino / Sailor Mars
100%
Who has psychic powers aided by the power of fire divination?Sailor Mars / Rei Hino
100%
Who is the Keeper of Time and Space? Guardian of the Underworld?Sailor Pluto / Setsuna Meiou
96%
In the name of the moon, who will punish you?Sailor Moon
85%
Who dressed up like Sailor Moon as an attempt to fool Kaolinite?Sailor Venus / Minako Aino
85%
Who is described as a cry baby?Usagi Tsukino /
Sailor Moon
85%
Which Sailor Scout is not allowed to reach their full potential as a Guardian?Sailor Saturn / Hotaru Tomoe
77%
Which of Usagi's family members doesn't like cats?Shingo / Brother
62%
What does Chibiusa come back to the past to find?The Silver Crystal
46%
What color pants does Mamoru wear?Purple
31%
What is the name of the band in Sailor Stars?Three Lights
31%
What sport does Sailor Moon have to play to get invited to the princess seminar at Rose Mansion?Frisbee
27%
What is Sailor Mercury / Ami Mizuno's favorite activity that doesn't involve water?Chess
19%

Score Distribution

Percentile by Number Answered

Percent of People with Each Score

Your Score History

You have not taken this quiz